| 000 | 00523nam a2200193Ia 4500 | ||
|---|---|---|---|
| 020 | _a1561344435 | ||
| 040 | _cUBW | ||
| 082 | _a362 GOL 1996 A065 Or. | ||
| 245 | 0 | 0 | _aTaking sides. |
| 246 | 3 | 0 | _aClashing views on controversial issues in drugs and society |
| 246 | 3 | 0 | _aDrugs and society |
| 250 | _aSecond edition | ||
| 300 |
_axxi, 341 pages : _billustrations ; _c25 cm |
||
| 650 | 0 | _aDrug abuse | |
| 650 | 2 | _aSocial Environment | |
| 650 | 2 | _aSubstance-Related Disorders | |
| 700 | 1 | _aGoldberg, Ray | |
| 942 | _cEK | ||
| 999 |
_c14427 _d14427 |
||